| 000 | 00548nam a2200169Ia 4500 | ||
|---|---|---|---|
| 999 |
_c37055 _d37055 |
||
| 003 | OSt | ||
| 005 | 20201223113702.0 | ||
| 008 | 190216s9999||||xx |||||||||||||| ||und|| | ||
| 040 | _coclc | ||
| 082 |
_a297.122594812 _bPON/Q |
||
| 100 |
_aPonnani, Abdurahiman Makhdoomi _97799 |
||
| 245 | 0 |
_aQuran Paribhashayum Vyakyanavum / _cAbdurahiman Makhdoomi Ponnani |
|
| 260 |
_bK Mohammad Kutty & Sons, _c2004. _aTirurangadi: |
||
| 300 | _a596p | ||
| 650 | _aArabic | ||
| 942 |
_cREF _2ddc _h297.122594812 _iPON/Q _k297.122594812 _mPON/Q |
||